| 000 | 00636nam a22002177a 4500 | ||
|---|---|---|---|
| 003 | OSt | ||
| 005 | 20260326013005.0 | ||
| 008 | 260326b |||||||| |||| 00| 0 eng d | ||
| 020 | _a9718581221 | ||
| 040 |
_aDWCL GS lib _cOC |
||
| 082 | _aRes.(Fil.) | ||
| 100 | _aPandile, A. Oliver | ||
| 245 | _aSi Rizal si Bonifacio at iba pang Magigiting na Filipino | ||
| 260 |
_aQuezon City _bGreat Books Trading |
||
| 300 |
_aviii, 116 pages: _billustrations _c15cm. |
||
| 546 | _aFilipino | ||
| 650 | _aBiyograpiya | ||
| 650 | _aKasaysayan ng Pilipinas | ||
| 650 | _aEdukasyong Makabayan | ||
| 942 |
_2ddc _cBK-0 CIRC _hRes.(Fil.) _n0 |
||
| 999 |
_c9281 _d9281 |
||